[Event "Reykjavik Open 2013"]
[Site "Reykjavik ISL"]
[Date "2013.02.20"]
[Round "3.47"]
[White "Kashlinskaya, Alina"]
[Black "Michel, Steve"]
[Result "1-0"]
[WhiteTitle "WGM"]
[WhiteElo "2350"]
[BlackElo "2008"]
[WhiteFideId "4198026"]
[BlackFideId "1015931"]
[EventDate "2013.02.19"]

1. d4 Nf6 2. c4 c5 3. d5 e5 4. Nc3 d6 5. g3 Be7 6. Bg2 Nbd7 7. Nf3 a6 8. O-O O-O
9. a4 b6 10. e4 Ne8 11. Ne1 g6 12. Nd3 f5 13. f4 Bf6 14. exf5 gxf5 15. Qe2 e4
16. Nf2 Bxc3 17. bxc3 Ndf6 18. g4 fxg4 19. Nxe4 Nxe4 20. Bxe4 Qe7 21. Qg2 Qg7
22. Bd2 Nf6 23. Bd3 Bb7 24. Rab1 Qc7 25. Be1 Kh8 26. Bh4 Nd7 27. Qxg4 Rg8 28.
Bg5 Rxg5 29. fxg5 Ne5 30. Qf5 Rg8 31. Qf6+ Rg7 32. Bf5 Nxc4 33. Be6 1-0

[Event "Reykjavik Open 2013"]
[Site "Reykjavik ISL"]
[Date "2013.02.20"]
[Round "3.48"]
[White "Vigfusson, Vigfus"]
[Black "Bewersdorff, Oliver"]
[Result "0-1"]
[BlackTitle "FM"]
[WhiteElo "1985"]
[BlackElo "2335"]
[WhiteFideId "2303914"]
[BlackFideId "4602897"]
[EventDate "2013.02.19"]

1. e4 e5 2. Nf3 Nc6 3. d4 exd4 4. Nxd4 Nf6 5. Nxc6 bxc6 6. e5 Qe7 7. Qe2 Nd5 8.
Nd2 a5 9. c4 Nb6 10. Qe4 Qe6 11. Bd3 Na4 12. Bc2 Nc5 13. Qe2 Be7 14. f4 f6 15.
O-O d5 16. b3 f5 17. Bb2 O-O 18. Rfd1 Qg6 19. Nf3 Ne6 20. Qe3 Qg4 21. g3 Bb7 22.
Kg2 Rfd8 23. h3 Qh5 24. Kh2 dxc4 25. bxc4 c5 26. Ng1 Qe8 27. Bxf5 Qc6 28. Qf3
Nd4 29. Qxc6 Bxc6 30. Bxd4 cxd4 31. Rab1 Ba4 32. Be4 Bxd1 33. Bxa8 Bc2 34. Rc1
d3 35. Bd5+ Rxd5 36. cxd5 d2 37. Rxc2 d1=Q 38. Rb2 Bc5 39. Ne2 Qxd5 0-1

[Event "Reykjavik Open 2013"]
[Site "Reykjavik ISL"]
[Date "2013.02.20"]
[Round "3.49"]
[White "Gislason, Gudmundur"]
[Black "Pretterhofer, Kiaras"]
[Result "1-0"]
[WhiteTitle "FM"]
[WhiteElo "2329"]
[BlackElo "1997"]
[WhiteFideId "2300559"]
[BlackFideId "1618768"]
[EventDate "2013.02.19"]

1. Nf3 Nf6 2. g3 d5 3. Bg2 Nbd7 4. d4 e6 5. O-O Be7 6. c4 c6 7. Nbd2 O-O 8. Qc2
b6 9. Rd1 Bb7 10. e4 dxe4 11. Nxe4 c5 12. Nxf6+ Bxf6 13. dxc5 Qc7 14. cxb6 axb6
15. Bf4 e5 16. Be3 Rac8 17. Qf5 Rfd8 18. Rac1 g6 19. Qh3 Nf8 20. Nd2 Rd3 21. c5
bxc5 22. Rxc5 Bxg2 23. Qxc8 Qxc8 24. Rxc8 Bf3 25. Rdc1 Bg4 26. Rb8 Kg7 27. Ne4
Be7 28. a4 Nd7 29. Re8 Bb4 30. Kg2 f5 31. h3 Bh5 32. Ng5 h6 33. Nf3 g5 34. Nxe5
Rxe3 35. fxe3 Bxe8 36. Nxd7 1-0

[Event "Reykjavik Open 2013"]
[Site "Reykjavik ISL"]
[Date "2013.02.20"]
[Round "3.50"]
[White "Orlova, Yelizaveta"]
[Black "Kvisvik, Brede"]
[Result "0-1"]
[WhiteTitle "WC"]
[BlackTitle "FM"]
[WhiteElo "1978"]
[BlackElo "2314"]
[WhiteFideId "2601826"]
[BlackFideId "1502999"]
[EventDate "2013.02.19"]

1. Nf3 g6 2. g3 c5 3. Bg2 Nc6 4. d4 cxd4 5. Nxd4 Bg7 6. e3 Qb6 7. c3 Nf6 8. O-O
O-O 9. Nd2 d5 10. Qb3 Qc5 11. Qb5 Qd6 12. N2b3 e5 13. Nxc6 bxc6 14. Qc5 Qe6 15.
Na5 Bd7 16. c4 Rfc8 17. Qa3 Bf8 18. c5 Qe7 19. b4 Bf5 20. Bb2 Rab8 21. Rfd1 Bg7
22. Bc3 Ne4 23. Be1 Ng5 24. h4 Ne4 25. f3 Nf6 26. g4 Be6 27. Rac1 e4 28. g5 Nh5
29. f4 Bg4 30. Rd2 d4 31. Nc4 dxe3 32. Nxe3 Bf3 33. Bxf3 exf3 34. f5 Be5 35. Bf2
Nf4 36. Re1 Qc7 37. Kf1 Nh3 38. Ng4 Re8 39. Qxf3 Nxf2 40. Nxe5 Rxe5 41. Rxe5
Qxe5 42. Rxf2 gxf5 43. Qxf5 Qxf5 44. Rxf5 Rxb4 45. Rf6 Rxh4 46. Rxc6 Ra4 47.
Rc8+ Kg7 48. c6 Rxa2 49. c7 Rc2 50. Ke1 a5 51. Kd1 Rc6 52. Kd2 a4 53. Kd3 a3 54.
Ke4 a2 55. Ra8 Rxc7 56. Rxa2 Re7+ 57. Kd5 Re1 58. Rg2 Re6 59. Rg1 Kg6 60. Rg2
Ra6 61. Ke4 Ra5 0-1

[Event "Reykjavik Open 2013"]
[Site "Reykjavik ISL"]
[Date "2013.02.20"]
[Round "3.51"]
[White "Ragnarsson, Dagur"]
[Black "Andreasen, Per Naesby"]
[Result "1/2-1/2"]
[BlackTitle "FM"]
[WhiteElo "1961"]
[BlackElo "2302"]
[WhiteFideId "2304058"]
[BlackFideId "1400886"]
[EventDate "2013.02.19"]

1. c4 Nf6 2. g3 c6 3. Nf3 d5 4. Bg2 Bf5 5. cxd5 cxd5 6. Qb3 Qc8 7. Nc3 e6 8. O-O
Be7 9. d3 O-O 10. Re1 Nc6 11. e4 dxe4 12. dxe4 Bg4 13. Be3 Rd8 1/2-1/2

[Event "Reykjavik Open 2013"]
[Site "Reykjavik ISL"]
[Date "2013.02.20"]
[Round "3.52"]
[White "Prosviriakov, Vladimir"]
[Black "Kleinert, Juergen"]
[Result "1-0"]
[WhiteTitle "IM"]
[WhiteElo "2297"]
[BlackElo "1991"]
[WhiteFideId "2004860"]
[BlackFideId "4659180"]
[EventDate "2013.02.19"]

1. e4 a6 2. Nf3 e6 3. Qe2 c5 4. g3 b5 5. Bg2 Bb7 6. O-O Nc6 7. c3 Qb6 8. Rd1 Nf6
9. a4 b4 10. e5 Nd5 11. c4 Nde7 12. d3 Ng6 13. Nbd2 O-O-O 14. Nb3 a5 15. Bg5 Re8
16. d4 cxd4 17. Nfxd4 Nxd4 18. Nxd4 Bxg2 19. Kxg2 Qb7+ 20. Kg1 h6 21. Bd2 Bc5
22. Nb5 Qb8 23. Be3 Qxe5 24. Qf3 Kb8 1-0

[Event "Reykjavik Open 2013"]
[Site "Reykjavik ISL"]
[Date "2013.02.20"]
[Round "3.54"]
[White "Malmdin, Nils-Ake"]
[Black "Karlsson, Robin"]
[Result "1-0"]
[WhiteTitle "FM"]
[WhiteElo "2281"]
[BlackElo "1980"]
[WhiteFideId "1701584"]
[BlackFideId "1719637"]
[EventDate "2013.02.19"]

1. e4 c5 2. Nf3 d6 3. d4 cxd4 4. Qxd4 Nc6 5. Bb5 Bd7 6. Bxc6 Bxc6 7. Nc3 Nf6 8.
Bg5 e6 9. O-O-O Be7 10. Rhe1 O-O 11. Qd2 h6 12. Bf4 e5 13. Bg3 b5 14. Kb1 b4 15.
Nd5 Nxd5 16. exd5 Bd7 17. Ng1 Rc8 18. f4 Bf5 19. Rc1 exf4 20. Bxf4 Bf6 21. Re3
Qb6 22. g4 Bg6 23. Nf3 Rc4 24. Rb3 Rfc8 25. Ne1 a5 26. g5 a4 27. gxf6 axb3 28.
axb3 Qa6 29. Nd3 Ra8 30. c3 Qa2+ 31. Kc2 Rxc3+ 1-0

[Event "Reykjavik Open 2013"]
[Site "Reykjavik ISL"]
[Date "2013.02.20"]
[Round "3.55"]
[White "Wahlbom, Magnus"]
[Black "Newrkla, Alexander"]
[Result "1/2-1/2"]
[WhiteElo "2279"]
[BlackElo "1969"]
[WhiteFideId "1700685"]
[BlackFideId "1610830"]
[EventDate "2013.02.19"]

1. e4 Nc6 2. d4 e5 3. dxe5 Nxe5 4. f4 Ng6 5. Be3 Nf6 6. Nc3 Bb4 7. Qd4 Qe7 8.
O-O-O Bxc3 9. Qxc3 Qxe4 10. Bd2 O-O 11. Qxc7 Qc6 12. Qxc6 dxc6 13. Bd3 Nd5 14.
g3 Re8 15. Nf3 Bg4 16. Rdf1 Rad8 17. h3 Bd7 18. f5 Ne5 19. Nxe5 Rxe5 20. Re1
Rde8 21. Rxe5 Rxe5 22. Re1 Rxe1+ 23. Bxe1 f6 24. Kd2 Kf8 25. c4 Ne7 26. g4 c5
27. Bg3 Nc8 28. Be4 b6 29. a3 Ke7 30. b4 cxb4 31. axb4 Nd6 32. Bd5 h5 33. Ke3
hxg4 34. hxg4 Ba4 35. c5 bxc5 36. bxc5 Nc8 37. Bb7 Kd7 38. Be1 Ne7 39. Bf3 g6
40. fxg6 Nxg6 41. Bc3 Ke6 42. Kd4 Ne7 43. Kc4 1/2-1/2

[Event "Reykjavik Open 2013"]
[Site "Reykjavik ISL"]
[Date "2013.02.20"]
[Round "3.56"]
[White "Herda, Christoph"]
[Black "Ekeberg, Carl Fredrik"]
[Result "1/2-1/2"]
[BlackTitle "FM"]
[WhiteElo "1915"]
[BlackElo "2274"]
[WhiteFideId "24623369"]
[BlackFideId "1502654"]
[EventDate "2013.02.19"]

1. Nc3 c5 2. e4 Nc6 3. g3 g6 4. Bg2 Bg7 5. d3 d6 6. Be3 Rb8 7. Qd2 b5 8. f4 b4
9. Nd1 e6 10. Ne2 Nge7 11. O-O Nd4 12. Nc1 O-O 13. a3 b3 14. c3 Nc2 15. Rb1 Nxe3
16. Nxe3 f5 17. Ne2 Ba6 18. Kh1 Qd7 19. Rfe1 Rbd8 20. Nc1 Rb8 21. Qd1 Bb5 22.
Ne2 Rfd8 23. Nf1 a5 24. Ng1 a4 25. Nf3 Re8 26. exf5 exf5 27. Qd2 Bc6 28. Qf2 Nd5
29. N1d2 Nb6 30. Rxe8+ Rxe8 31. Re1 Re7 32. Rxe7 Qxe7 33. Qe1 Kf8 34. Qxe7+ Kxe7
35. Ng5 Bxg2+ 36. Kxg2 h6 37. Ngf3 Bf6 38. h4 Ke6 1/2-1/2

[Event "Reykjavik Open 2013"]
[Site "Reykjavik ISL"]
[Date "2013.02.20"]
[Round "3.57"]
[White "Jensen, Soren3"]
[Black "Ptacnikova, Lenka"]
[Result "0-1"]
[BlackTitle "WGM"]
[WhiteElo "1909"]
[BlackElo "2269"]
[WhiteFideId "1421204"]
[BlackFideId "305650"]
[EventDate "2013.02.19"]

1. e4 d5 2. d4 dxe4 3. Nc3 Nf6 4. f3 exf3 5. Nxf3 g6 6. Bc4 Bg7 7. O-O O-O 8.
Ne2 Nbd7 9. c3 Nb6 10. Bd3 Be6 11. Ne5 Nfd5 12. Nf3 Rc8 13. Qe1 Nf6 14. Ne5 Nfd7
15. Nxd7 Qxd7 16. Nf4 Bc4 17. Rf3 Rfe8 18. Qf1 Qb5 19. a4 Bxd3 20. Nxd3 Nxa4 21.
Rxf7 Rf8 22. Rxf8+ Rxf8 23. Qd1 Nb6 24. Rxa7 Nc4 25. Ra4 e5 26. Rb4 Qd5 27. h3
b5 28. b3 Nd6 29. Be3 Nf5 30. Bf2 exd4 31. Nf4 Qe4 32. Ne2 Ne3 33. Bxe3 Qxe3+
34. Kh1 d3 0-1

[Event "Reykjavik Open 2013"]
[Site "Reykjavik ISL"]
[Date "2013.02.20"]
[Round "3.58"]
[White "Tari, Aryan"]
[Black "Thorsteinsdottir, Hallgerdur"]
[Result "1-0"]
[WhiteElo "2263"]
[BlackElo "1960"]
[WhiteFideId "1510045"]
[BlackFideId "2302454"]
[EventDate "2013.02.19"]

1. e4 c6 2. d4 d5 3. Nc3 dxe4 4. Nxe4 Bf5 5. Ng3 Bg6 6. h4 h6 7. Nf3 Nd7 8. h5
Bh7 9. Bd3 Bxd3 10. Qxd3 e6 11. Bd2 Ngf6 12. O-O-O Be7 13. Qe2 c5 14. dxc5 Bxc5
15. Bc3 Qc7 16. Ne5 Rd8 17. Nf5 Kf8 18. Nxd7+ Rxd7 19. Rxd7 Qxd7 20. Qe5 Be7 21.
Rd1 Qc8 22. Nxe7 Kxe7 23. Qd6+ Ke8 24. Bb4 1-0

[Event "Reykjavik Open 2013"]
[Site "Reykjavik ISL"]
[Date "2013.02.20"]
[Round "3.60"]
[White "Schou-Moldt, Thomas"]
[Black "Helin, Mikael"]
[Result "0-1"]
[WhiteElo "2236"]
[BlackElo "1910"]
[WhiteFideId "1401297"]
[BlackFideId "1703838"]
[EventDate "2013.02.19"]

1. g3 e5 2. c4 Nc6 3. Bg2 g6 4. Nc3 Bg7 5. d3 h6 6. Rb1 Nge7 7. b4 O-O 8. b5 Nd4
9. e3 Ne6 10. Nge2 f5 11. f4 d6 12. O-O g5 13. Qc2 Kh7 14. Kh1 g4 15. Bb2 h5 16.
Nd5 Ng6 17. Kg1 a5 18. Ba1 Bd7 19. e4 Nc5 20. b6 c6 21. Nc7 Rc8 22. d4 Nxe4 23.
fxe5 d5 24. cxd5 cxd5 25. Qd3 Bh6 26. Bb2 f4 27. Nxf4 Nxf4 28. gxf4 Bf5 29. Qe3
Rg8 30. Bc1 g3 31. hxg3 Nxg3 32. Rb2 h4 33. Nxd5 Ne4 34. Nf6+ Nxf6 35. exf6 Qxf6
36. Kh1 Rg3 37. Rf3 Qg6 38. Rxg3 hxg3 39. Bf3 Re8 40. Qc3 Bg7 41. Be3 Rc8 42.
Qd2 Re8 43. Kg1 Qe6 44. Rb3 a4 45. Rc3 Qxb6 46. Kg2 Qg6 47. Qc1 b5 48. a3 Re6
49. Qh1+ Kg8 50. Qh4 Be4 51. Rc8+ Bf8 52. f5 Bxf3+ 53. Kxf3 Qxf5+ 54. Bf4 Qd3+
55. Kg2 Re2+ 56. Kh3 Rh2+ 0-1

[Event "Reykjavik Open 2013"]
[Site "Reykjavik ISL"]
[Date "2013.02.20"]
[Round "3.61"]
[White "Maggason, Oskar"]
[Black "Karason, Askell O"]
[Result "0-1"]
[WhiteElo "1903"]
[BlackElo "2235"]
[WhiteFideId "2303779"]
[BlackFideId "2300567"]
[EventDate "2013.02.19"]

1. d4 d6 2. c4 e5 3. e4 exd4 4. Qxd4 Nc6 5. Qd1 g6 6. Nf3 Bg7 7. Nc3 Nf6 8. Bd3
Bg4 9. h3 Bxf3 10. Qxf3 Nd4 11. Qd1 Nd7 12. O-O O-O 13. Be3 Nc5 14. Rc1 Nce6 15.
f4 f5 16. Ne2 c6 17. Bb1 Qb6 18. exf5 gxf5 19. Ng3 Qxb2 20. Qh5 Rf6 21. Nxf5
Ne2+ 22. Kh2 Nxc1 23. Rxc1 Qa3 24. Re1 Qc3 25. Bf2 Nc7 0-1

[Event "Reykjavik Open 2013"]
[Site "Reykjavik ISL"]
[Date "2013.02.20"]
[Round "3.63"]
[White "Halldorsson, Jon Arni"]
[Black "Roberts, Lynda"]
[Result "1/2-1/2"]
[BlackTitle "WC"]
[WhiteElo "2222"]
[BlackElo "1903"]
[WhiteFideId "2301075"]
[BlackFideId "1800191"]
[EventDate "2013.02.19"]

1. d4 f5 2. g3 Nf6 3. Bg2 g6 4. c4 Bg7 5. Nc3 d6 6. Nf3 O-O 7. O-O c6 8. b3 Na6
9. Ba3 Qa5 10. Qc1 Bd7 11. Rb1 Nb4 12. Rd1 Rfe8 13. Ne1 e5 14. dxe5 dxe5 15. Nd3
Nxd3 16. Rxd3 e4 17. b4 Qc7 18. Rd1 Be6 1/2-1/2

[Event "Reykjavik Open 2013"]
[Site "Reykjavik ISL"]
[Date "2013.02.20"]
[Round "3.64"]
[White "Van Weersel, Arlette"]
[Black "Merkesvik, Sondre"]
[Result "1-0"]
[WhiteTitle "WIM"]
[WhiteElo "2211"]
[BlackElo "1903"]
[WhiteFideId "1009877"]
[BlackFideId "1514350"]
[EventDate "2013.02.19"]

1. e4 Nf6 2. e5 Nd5 3. d4 d6 4. c4 Nb6 5. exd6 exd6 6. Nc3 Nc6 7. Be3 Be7 8. h3
Bf5 9. Nf3 Bf6 10. Rc1 O-O 11. b3 h6 12. Bd3 Qd7 13. O-O d5 14. Nxd5 Nxd5 15.
cxd5 Ne7 16. Ne5 Qxd5 17. Bxf5 Nxf5 18. Rxc7 Nxe3 19. fxe3 Qa5 20. Rc5 Qxa2 21.
Nd7 Be7 22. Rcf5 Bg5 23. Nxf8 Bxe3+ 24. Kh1 Rxf8 25. Qd3 Bg5 26. Qf3 Bf6 27.
Qxb7 a6 28. d5 Qe2 29. d6 Qd3 30. Qd5 Qe3 31. Qf3 Qe6 32. Qd5 Qe3 33. R5f3 Qb6
34. Rg3 Kh8 35. Rxf6 1-0

[Event "Reykjavik Open 2013"]
[Site "Reykjavik ISL"]
[Date "2013.02.20"]
[Round "3.66"]
[White "Halldorsson, Bragi"]
[Black "Klug, Christian"]
[Result "1-0"]
[WhiteElo "2180"]
[BlackElo "1894"]
[WhiteFideId "2300907"]
[BlackFideId "24621722"]
[EventDate "2013.02.19"]

1. d4 Nf6 2. Nf3 g6 3. c4 d5 4. e3 Bg7 5. Nc3 O-O 6. b4 a5 7. b5 c5 8. dxc5 Ne4
9. Nxe4 dxe4 10. Nd4 e5 11. Ne2 Be6 12. Nc3 f5 13. Ba3 Qe7 14. Nd5 Qf7 15. Be2
Rd8 16. O-O Kh8 17. Nb6 Rxd1 18. Rfxd1 Nc6 19. Nxa8 Nd4 20. exd4 exd4 21. Rab1
d3 22. Bxd3 exd3 23. Rxd3 Bf6 24. Rbd1 Bxc4 25. Rd7 Qe6 26. Nc7 Qe2 27. R7d2 Qe4
28. c6 bxc6 29. b6 c5 30. Bxc5 Bc3 31. Bd4+ Bxd4 32. Rxd4 1-0

[Event "Reykjavik Open 2013"]
[Site "Reykjavik ISL"]
[Date "2013.02.20"]
[Round "3.67"]
[White "Ingason, Sigurdur"]
[Black "Ornolfsson, Magnus P."]
[Result "1-0"]
[WhiteElo "1878"]
[BlackElo "2169"]
[WhiteFideId "2301709"]
[BlackFideId "2301016"]
[EventDate "2013.02.19"]

1. c4 Nf6 2. g3 e6 3. Bg2 d5 4. Nf3 c6 5. b3 Bd6 6. Bb2 Nbd7 7. O-O O-O 8. d3
Qe7 9. Nbd2 Re8 10. e4 dxe4 11. dxe4 e5 12. Qc2 a5 13. a3 Nc5 14. Bc3 b5 15. b4
Na4 16. c5 Bc7 17. Rfe1 Bg4 18. h3 Bh5 19. g4 Bg6 20. Nh4 Rad8 21. Nf5 Qd7 22.
Nf1 Qd3 23. Qxd3 Rxd3 24. Bd2 Kf8 25. Bg5 Bxf5 26. exf5 Nd5 27. Ne3 Nac3 28. Bf1
Rd4 29. Nc2 Re4 30. Bd3 Rxe1+ 31. Rxe1 e4 32. Bf1 axb4 33. Nxb4 Nxb4 34. axb4
Nd5 35. Bg2 Nxb4 36. Bxe4 Nd5 37. Bd2 Rd8 38. Re2 f6 39. Kf1 Be5 40. Bxd5 Rxd5
41. Ba5 Kf7 42. Bb6 b4 43. f4 Bxf4 44. Re4 Bd2 45. Ba5 b3 46. Bxd2 Rxd2 47. Rb4
b2 1-0

[Event "Reykjavik Open 2013"]
[Site "Reykjavik ISL"]
[Date "2013.02.20"]
[Round "3.68"]
[White "Ingvason, Johann"]
[Black "Fivelstad, Jon Olav"]
[Result "1/2-1/2"]
[WhiteElo "2148"]
[BlackElo "1888"]
[WhiteFideId "2301431"]
[BlackFideId "1510339"]
[EventDate "2013.02.19"]

1. e4 c5 2. Nf3 e6 3. Be2 Nc6 4. O-O Qc7 5. c3 Nf6 6. d3 d5 7. exd5 Nxd5 8. Na3
a6 9. Nc4 b5 10. Ne3 Nf4 11. Ng5 Be7 12. Ne4 O-O 13. g3 Nxe2+ 14. Qxe2 f5 15.
Nd2 Rd8 16. Nf3 e5 17. Ng2 Qd6 18. Rd1 h6 19. b3 Bf6 20. Bb2 Bb7 21. Rd2 Re8 22.
Re1 Kf7 23. Red1 g6 24. Nfe1 Rad8 25. f3 Bg5 26. Rc2 e4 27. fxe4 fxe4 28. Bc1
Ne5 29. Bxg5 hxg5 30. d4 Kg8 31. d5 g4 32. Ne3 Nf3+ 33. Kh1 Bc8 34. Qg2 Re7 35.
Re2 Rh7 36. Nf1 Bf5 37. Qf2 Kg7 38. Qe3 Qf6 39. c4 Qb6 40. Nc2 Rdh8 41. Rdd2
bxc4 42. bxc4 Rb8 43. Rd1 1/2-1/2

[Event "Reykjavik Open 2013"]
[Site "Reykjavik ISL"]
[Date "2013.02.20"]
[Round "3.69"]
[White "Johannsdottir, Johanna Bjorg"]
[Black "Newrkla, Katharina"]
[Result "1/2-1/2"]
[BlackTitle "WF"]
[WhiteElo "1872"]
[BlackElo "2135"]
[WhiteFideId "2303108"]
[BlackFideId "1621629"]
[EventDate "2013.02.19"]

1. e4 e5 2. Nf3 Nc6 3. Bc4 Nf6 4. d3 Be7 5. O-O O-O 6. c3 d6 7. Bb3 d5 8. Nbd2
dxe4 9. dxe4 Bc5 10. Qc2 Qe7 11. h3 b5 12. a4 b4 13. Nc4 h6 14. Ne3 Na5 15. cxb4
Nxb3 16. Qxb3 Rb8 17. Nd5 Nxd5 18. Qxd5 Rxb4 19. Nxe5 Bb7 20. Nc6 Bxc6 21. Qxc6
Rxe4 22. Bd2 Rd8 23. Bc3 Re2 24. Qf3 Rd6 25. Rae1 Rde6 26. Rd1 1/2-1/2

[Event "Reykjavik Open 2013"]
[Site "Reykjavik ISL"]
[Date "2013.02.20"]
[Round "3.70"]
[White "Bjarnason, Saevar"]
[Black "Eliasson, Kristjan Orn"]
[Result "1/2-1/2"]
[WhiteTitle "IM"]
[WhiteElo "2133"]
[BlackElo "1873"]
[WhiteFideId "2300176"]
[BlackFideId "2301784"]
[EventDate "2013.02.19"]

1. e4 g6 2. d4 Bg7 3. c4 d6 4. Nc3 Nf6 5. Be2 c6 6. Nf3 O-O 7. O-O Bg4 8. Bg5 h6
9. Be3 Bxf3 10. Bxf3 Nbd7 11. Qd2 Kh7 12. Be2 e5 13. d5 c5 14. g3 Qe7 15. Bd3
Ng4 16. f3 Nxe3 17. Qxe3 h5 18. Kh1 Bh6 19. Qe2 h4 20. f4 hxg3 21. hxg3 exf4 22.
gxf4 Rh8 23. Kg2 Kg7 24. Qf3 1/2-1/2

[Event "Reykjavik Open 2013"]
[Site "Reykjavik ISL"]
[Date "2013.02.20"]
[Round "3.72"]
[White "Jonsson, Olafur Gisli"]
[Black "Bergthorsson, Jon Thor"]
[Result "1-0"]
[WhiteElo "1870"]
[BlackElo "2125"]
[WhiteFideId "2302705"]
[BlackFideId "2302829"]
[EventDate "2013.02.19"]

1. d4 d5 2. Nf3 Nf6 3. c4 c6 4. Qb3 dxc4 5. Qxc4 Bf5 6. g3 e6 7. Bg2 Nbd7 8. O-O
Be7 9. Nc3 O-O 10. a4 Qa5 11. Bd2 Qb4 12. Qa2 Qb6 13. a5 Qa6 14. Nh4 Bg4 15. Nf3
Nd5 16. Rfe1 Nb4 17. Qa4 Rfd8 18. Ne4 Nd5 19. e3 Qd3 20. Ne5 Nxe5 21. dxe5 Be2
22. Bc3 Rd7 23. Bd4 Nb4 24. Rec1 Qb5 25. Qxb5 Bxb5 26. Nc5 Bxc5 27. Rxc5 Rb8 28.
Rac1 Rbd8 29. Bf1 Bxf1 30. Kxf1 Rd5 31. R5c4 Na6 32. Bxa7 Rxe5 33. Bd4 Red5 34.
Ke2 f6 35. b4 e5 36. Bc3 Kf7 37. Re1 R8d7 38. f4 exf4 39. gxf4 Rh5 40. Rh1 Nc7
41. e4 Rh3 42. Be1 Rhd3 43. Bg3 Rd2+ 44. Kf3 R7d3+ 45. Kg4 g6 46. Rhc1 h5+ 47.
Kh4 Ne6 48. a6 bxa6 49. Rxc6 Ra2 50. Rb6 Rd7 51. Rcc6 Re7 52. f5 g5+ 53. Kh3 Nd4
54. Rxf6+ Ke8 55. Rb8+ Kd7 56. Rd6+ 1-0

[Event "Reykjavik Open 2013"]
[Site "Reykjavik ISL"]
[Date "2013.02.20"]
[Round "3.74"]
[White "Masson, Kjartan"]
[Black "Drill, Frank"]
[Result "0-1"]
[WhiteElo "1856"]
[BlackElo "2124"]
[WhiteFideId "2303809"]
[BlackFideId "4609387"]
[EventDate "2013.02.19"]

1. d4 d6 2. c4 e5 3. dxe5 Nc6 4. e3 Nh6 5. exd6 Bxd6 6. c5 Bxc5 7. Qxd8+ Nxd8 8.
a3 a5 9. Nc3 O-O 10. Nf3 Be6 11. Ng5 Bb3 12. Bd3 f6 13. Nge4 Be7 14. O-O c6 15.
Nd2 Bf7 16. a4 Ne6 17. Bc4 Rfd8 18. Nb3 Ng4 19. Ne4 b6 20. f4 f5 21. Ng3 g6 22.
h3 Nf6 23. e4 Nc5 24. Bxf7+ Kxf7 25. Nxc5 Bxc5+ 26. Kh2 fxe4 27. f5 e3 28. fxg6+
Kxg6 29. Ne2 Nd5 30. b3 Rf8 31. Bb2 Rf2 32. Rxf2 exf2 33. Ng3 Re8 34. Nf1 Re1
35. Ne3 Bxe3 36. Bc3 Rxa1 0-1

[Event "Reykjavik Open 2013"]
[Site "Reykjavik ISL"]
[Date "2013.02.20"]
[Round "3.75"]
[White "Johansen, Stian"]
[Black "Billot, Daniel"]
[Result "1-0"]
[WhiteElo "2090"]
[BlackElo "1731"]
[WhiteFideId "1508121"]
[BlackFideId "618004"]
[EventDate "2013.02.19"]

1. d4 Nf6 2. c4 c5 3. d5 b5 4. cxb5 a6 5. bxa6 Bxa6 6. Nc3 g6 7. e4 Bxf1 8. Kxf1
d6 9. g3 Bg7 10. Kg2 O-O 11. Nf3 Nbd7 12. Qe2 Ng4 13. Nd2 f5 14. h3 Nh6 15. Nc4
fxe4 16. Bxh6 Bxh6 17. Qxe4 Nb6 18. Rhe1 Bg7 19. Nd2 Ra7 20. Nf3 Qa8 21. Nb5 Ra4
22. Qe6+ Kh8 23. Nc7 Qb7 24. Qxe7 Nxd5 25. Nxd5 Qxd5 26. Re3 Raa8 27. Rae1 Rxa2
28. R1e2 Raa8 29. Re4 Qb3 30. Ng5 h6 31. Rh4 Qd5+ 32. Kh2 Ra1 33. Rxh6+ Kg8 34.
f3 Rxf3 35. Nxf3 Qxf3 36. Qe6+ Kf8 37. Qe8# 1-0

[Event "Reykjavik Open 2013"]
[Site "Reykjavik ISL"]
[Date "2013.02.20"]
[Round "3.77"]
[White "Birgisdottir, Ingibjorg"]
[Black "Raddatz, Michael"]
[Result "1/2-1/2"]
[WhiteElo "1783"]
[BlackElo "2075"]
[WhiteFideId "2309424"]
[BlackFideId "4613252"]
[EventDate "2013.02.19"]

1. e4 c5 2. Nf3 e6 3. d4 cxd4 4. Nxd4 Nf6 5. Nc3 Bb4 6. Bd2 Bxc3 7. Bxc3 Nxe4 8.
Qg4 Nxc3 9. Qxg7 Rf8 10. bxc3 Qa5 11. Nb3 Qh5 12. Bd3 f5 13. Qe5 Qg5 14. Qg3 Qf6
15. Nd4 Nc6 16. Nb5 f4 17. Qf3 a6 18. Nd6+ Kd8 19. O-O Ne5 20. Qe4 Ke7 21. Qb4
Kd8 22. Qb6+ Ke7 23. Qb4 a5 24. Qc5 Kd8 25. Qb6+ Ke7 26. Qc5 Kd8 27. Qb6+ Ke7
28. Qc5 Kd8 1/2-1/2

[Event "Reykjavik Open 2013"]
[Site "Reykjavik ISL"]
[Date "2013.02.20"]
[Round "3.78"]
[White "Jonsson, Gauti Pall"]
[Black "Christiansen, Johan-Sebastian"]
[Result "0-1"]
[WhiteElo "1519"]
[BlackElo "2071"]
[WhiteFideId "2309092"]
[BlackFideId "1512668"]
[EventDate "2013.02.19"]

1. e4 e5 2. Nf3 Nc6 3. Bc4 Nf6 4. d3 Be7 5. O-O O-O 6. c3 d6 7. h3 Kh8 8. Be3
Ng8 9. Nfd2 f5 10. f3 f4 11. Bf2 g5 12. Na3 h5 13. Nc2 Nf6 14. d4 g4 15. fxg4
hxg4 16. Bh4 Nh5 17. hxg4 Bxh4 18. gxh5 Bg3 19. Nf3 Bg4 20. Qd3 Qe8 21. Rfd1
Qxh5 22. Nce1 Kg7 23. Kf1 Qh1+ 24. Ke2 Bxe1 25. Rxe1 Qxg2+ 26. Kd1 Qxf3+ 27.
Qxf3 Bxf3+ 28. Kc2 exd4 29. Rg1+ Kf6 30. Raf1 Bxe4+ 31. Kc1 f3 32. Rg4 d5 33.
Be2 Ke7 0-1

[Event "Reykjavik Open 2013"]
[Site "Reykjavik ISL"]
[Date "2013.02.20"]
[Round "3.80"]
[White "Steindorsson, Sigurdur P."]
[Black "Hojgaard, Brandur"]
[Result "1-0"]
[WhiteElo "2235"]
[BlackElo "1734"]
[WhiteFideId "2301229"]
[BlackFideId "7201478"]
[EventDate "2013.02.19"]

1. c4 c5 2. Nf3 Nc6 3. Nc3 g6 4. g3 Bg7 5. Bg2 Nf6 6. O-O O-O 7. d4 cxd4 8. Nxd4
a6 9. c5 Nxd4 10. Qxd4 Ne8 11. Qb4 Rb8 12. Bf4 e5 13. Be3 Nc7 14. Rad1 Qe7 15.
Qb6 Qd8 16. c6 Nb5 17. Qxd8 Rxd8 18. Nxb5 bxc6 19. Nd6 Rxb2 20. Rd2 Rxd2 21.
Bxd2 Bf6 22. Rd1 1-0